[Event "Landsturneringen 2007"]
[Site "Hamar"]
[Date "2007.07.07"]
[Round "4"]
[White "Lie, Kjetil A"]
[Black "Lie, Espen"]
[Result "1/2-1/2"]
[WhiteElo "2536"]
[BlackElo "2404"]

1. e4 Nf6 2. e5 Nd5 3. d4 d6 4. c4 Nb6 5. exd6 cxd6 6. Nc3 g6 7. Be3 Bg7 8. Rc1
O-O 9. b3 Nc6 10. d5 Ne5 11. Be2 Ned7 12. Nf3 Nf6 13. h3 Bd7 14. Qd2 Re8 15.
O-O a6 16. Rfd1 Nc8 17. b4 b6 18. Nd4 e5 19. dxe6 fxe6 20. Bf3 Rb8 21. c5 bxc5
22. bxc5 Re7 23. c6 Be8 24. c7 Qxc7 25. Nd5 Nxd5 26. Bxd5 Qd7 27. Bc6 Qd8 28.
Bg5 Bxd4 29. Bxe8 e5 30. Ba4 Qf8 31. Bb3+ Kh8 32. Bxe7 Nxe7 33. Rc7 Qf6 34. Qe2
Bc5 35. Rd3 e4 36. Rd1 Rf8 37. Rxc5 dxc5 38. Re1 Qd4 39. Qxe4 Qxf2+ 40. Kh1 Nf5
41. Qe5+ Ng7 42. Re4 Qf5 43. Qxf5 Nxf5 44. Ra4 Ng3+ 45. Kg1 h5 46. h4 Ne2+ 47.
Kh2 Rf4 48. Rxf4 Nxf4 49. Bc4 g5 50. Bxa6 gxh4 51. a4 Kg7 52. a5 Ne6 53. Be2
Nd4 54. a6 Nc6 55. Kh3 Kf6 56. Kxh4 Ke5 57. Kxh5 Kd4 58. g4 c4 59. Kg5 c3 60.
Bd1 Kc5 61. Kf6 Kb6 62. g5 Nb4 63. Ke6 Nd3 64. Kf5 Nb4 65. Ke6 Nd3 66. Bc2 Nf4+
67. Ke5 Nh5 68. Bd3 Ng7 69. g6 Nh5 70. Ke4 Ka7 71. Ke3 Kb6 72. Be2 Ng7 73. Bd3
Nh5 74. Kf3 Ka7 75. Kg4 Ng7 76. Kg5 Kb6 77. Kf6 Nh5+ 78. Ke5 Ka7 79. Kd6 Kb6
80. Kd7 Nf4 81. g7 Nh5 82. g8=N Nf4 83. Be4 Kxa6 84. Kc6 Ka5 85. Kc5 Ka4 86.
Kc4 Ne2 87. Nf6 Ka3 88. Nd5 Kb2 89. Ne3 Kc1 90. Kd3 Nf4+ 91. Kxc3 Ne2+ 92. Kd3
Nf4+ 93. Kd4 Ne2+ 94. Kc4 Nf4 95. Nf1 Kd1 96. Kd4 Ke1 97. Ne3 Ke2 98. Nf5 Ne6+
99. Ke5 Nc5 100. Bb1 Nd3+ 101. Kd4 Nf2 102. Nh4 Kd2 103. Bg6 Ke2 104. Bh5+ Kd2
105. Nf3+ Kc2 106. Bg6+ Kd1 107. Bf5 Ke2 108. Ne5 Kd2 109. Bg6 Ke2 110. Bh5+
Kd2 111. Nc4+ Ke1 112. Ke3 Nd1+ 113. Bxd1 1/2-1/2

[Event "Landsturneringen 2007"]
[Site "Hamar"]
[Date "2007.07.07"]
[Round "4"]
[White "Gausel, Einar J"]
[Black "Tallaksen, Geir Sune"]
[Result "0-1"]
[WhiteElo "2519"]
[BlackElo "2407"]

1. d4 Nf6 2. Nf3 e6 3. e3 b6 4. Bd3 Bb7 5. O-O c5 6. c4 d5 7. cxd5 exd5 8. b3
Bd6 9. Bb2 O-O 10. Nc3 Nbd7 11. Rc1 Rc8 12. Bf5 a6 13. dxc5 bxc5 14. Na4 Rc7
15. Qd3 Qe7 16. Rfd1 g6 17. Bh3 Ne4 18. Nc3 Ndf6 19. Nxe4 Nxe4 20. g3 Rd8 21.
Bg2 Qe6 22. Qe2 Bf8 23. Ne1 Rcd7 24. Nf3 Bg7 25. Bxg7 Kxg7 26. Qb2+ d4 27. exd4
Qf6 28. Ne1 cxd4 29. Nd3 Re7 30. Re1 Rde8 31. b4 Ba8 32. Qc2 Ng5 33. f4 Nf3+
34. Bxf3 Bxf3 35. Ne5 Bb7 36. Qf2 Qd6 37. Rcd1 Qd5 38. Kf1 f6 39. Rxd4 Qb5+ 40.
Qe2 Qxe2+ 41. Rxe2 fxe5 42. fxe5 Bc6 0-1

[Event "Landsturneringen 2007"]
[Site "Hamar"]
[Date "2007.07.07"]
[Round "4"]
[White "Dannevig, Øystein"]
[Black "Djurhuus, Rune"]
[Result "1-0"]
[WhiteElo "2331"]
[BlackElo "2455"]

1. e4 e6 2. d4 d5 3. exd5 exd5 4. Nf3 Bd6 5. c4 c6 6. Nc3 Ne7 7. Bd3 dxc4 8.
Bxc4 O-O 9. O-O Nd7 10. Bg5 Nb6 11. Bb3 h6 12. Bxe7 Qxe7 13. Re1 Be6 14. Bxe6
fxe6 15. Re3 Nc4 16. Re4 Rae8 17. Qe2 Nb6 18. Re1 Rf6 19. Ne5 Nd5 20. g3 Nc7
21. Rg4 Bb4 22. Ng6 Qf7 23. Qc2 Rd8 24. Re5 Bxc3 25. bxc3 Rd5 26. c4 Rxg6 27.
Rxg6 Rxd4 28. Re3 Rxc4 29. Rxg7+ Qxg7 30. Qxc4 Qf6 31. Qg4+ Kh7 32. Rf3 Qe7 33.
Qe4+ Kg7 34. Qe5+ Kg6 35. Rf4 h5 36. g4 Nd5 37. gxh5+ Kh7 38. Rg4 Qf6 39. Qb8
Qf7 40. h6 1-0

[Event "Landsturneringen 2007"]
[Site "Hamar"]
[Date "2007.07.07"]
[Round "4"]
[White "Hole, Øystein"]
[Black "Ådnøy, Hallvard V"]
[Result "1/2-1/2"]
[WhiteElo "2400"]
[BlackElo "2289"]

1. Nf3 Nf6 2. c4 e6 3. Nc3 d5 4. d4 Be7 5. Bg5 O-O 6. e3 h6 7. Bh4 b6 8. Be2
Bb7 9. Bxf6 Bxf6 10. cxd5 exd5 11. O-O Re8 12. Qb3 c6 13. Rfe1 Nd7 14. Rad1 Nf8
15. Bf1 Ne6 16. g3 Rc8 17. Bg2 Rc7 18. Rd2 Ng5 19. Nxg5 hxg5 20. Qd1 Rd7 21.
Qc2 g6 22. b4 a6 23. Na4 Kg7 24. a3 Qc7 25. Rc1 Bd8 26. Nb2 Qd6 27. Nd3 Rde7
28. Qb3 Rh8 29. Rdc2 Rc7 30. a4 b5 31. Qb2 Bc8 32. axb5 axb5 33. e4 dxe4 34.
Bxe4 Bf6 35. Ne5 Rd8 36. Rxc6 Rxc6 37. Nxc6 Bb7 38. Qe2 Bxc6 39. Bxc6 Bxd4 40.
Bxb5 Qxb4 1/2-1/2

[Event "Landsturneringen 2007"]
[Site "Hamar"]
[Date "2007.07.07"]
[Round "4"]
[White "Hansen, Torbjørn R"]
[Black "Østenstad, Berge"]
[Result "1/2-1/2"]
[WhiteElo "2336"]
[BlackElo "2491"]

1. e4 e6 2. d4 d5 3. Nc3 Bb4 4. e5 c5 5. Bd2 Ne7 6. Nb5 Bxd2+ 7. Qxd2 O-O 8. f4
Nbc6 9. dxc5 b6 10. cxb6 Qxb6 11. c3 Rb8 12. b3 Ba6 13. a4 f6 14. exf6 Rxf6 15.
Nh3 Bc8 16. b4 e5 17. fxe5 Rf5 18. O-O-O Rxe5 19. Qf2 Bg4 20. Qxb6 axb6 21. Rd2
Re1+ 22. Kb2 Bd1 23. Nf2 Bxa4 24. Nc7 Rf8 25. Be2 Rxh1 26. Nxh1 d4 27. cxd4 Rc8
28. Ka3 Rxc7 29. Kxa4 Nd5 30. Bc4 b5+ 31. Kxb5 Na7+ 32. Ka6 Rxc4 33. Kxa7 Rxb4
34. Ng3 1/2-1/2

[Event "Landsturneringen 2007"]
[Site "Hamar"]
[Date "2007.07.07"]
[Round "4"]
[White "Urkedal, Frode Olav Olsen"]
[Black "Sahl, Bjarke"]
[Result "1-0"]
[WhiteElo "2235"]
[BlackElo "2379"]

1. d4 d5 2. c4 c6 3. Nf3 Nf6 4. cxd5 cxd5 5. Nc3 Nc6 6. Bf4 Ne4 7. Qb3 e6 8. e3
g5 9. Be5 f6 10. Bg3 h5 11. h3 Nxg3 12. fxg3 Bd6 13. O-O-O f5 14. Bb5 Bxg3 15.
Ne2 Bd6 16. g4 a6 17. Bxc6+ bxc6 18. gxf5 Qf6 19. Qc2 Rb8 20. Rdf1 exf5 21.
Qxc6+ Bd7 22. Qxd5 Rb5 23. Qa8+ Ke7 24. Qxa6 Rc8+ 25. Nc3 Rc6 26. Qa7 Rc7 27.
Qa6 Rc6 28. Qa7 Rc7 29. Qa6 Qe6 30. Ne5 Be8 31. Rhg1 Qd5 32. Rxg5 Rxc3+ 33.
bxc3 Ra5 34. Qc4 Qe4 35. Rg7+ Kd8 36. Qd3 Rxe5 37. Qxe4 Rxe4 38. Rxf5 Rxe3 39.
Kd2 Re6 40. Rd5 Bg6 41. c4 Ke8 42. c5 Bf4+ 43. Kc3 Re3+ 44. Kb4 Rg3 45. Rxg6
1-0

[Event "Landsturneringen 2007"]
[Site "Hamar"]
[Date "2007.07.07"]
[Round "4"]
[White "Fyllingen, Roy H"]
[Black "Aulin-Jansson, Jøran"]
[Result "1-0"]
[WhiteElo "2407"]
[BlackElo "2297"]

1. d4 Nf6 2. c4 e6 3. Nf3 c5 4. g3 b6 5. Bg2 Bb7 6. d5 exd5 7. Nh4 g6 8. O-O
Bg7 9. Nc3 O-O 10. cxd5 d6 11. h3 a6 12. a4 Nbd7 13. e4 c4 14. Be3 Rc8 15. Kh2
Nc5 16. Qc2 Re8 17. Rae1 Nfd7 18. f4 Nd3 19. Re2 N7c5 20. Bg1 Bf6 21. Nf3 Bxc3
22. bxc3 Rxe4 23. Rxe4 Nxe4 24. Nd2 Nxd2 25. Qxd2 b5 26. axb5 axb5 27. f5 Qe8
28. Bd4 Rc7 29. Qg5 Qe7 30. Bf6 Qf8 31. Qe3 Bc8 32. g4 Ne5 33. fxg6 hxg6 34.
Qg5 Kh7 35. Qh4+ Qh6 36. Qxh6+ Kxh6 37. g5+ Kh5 38. Kg3 1-0

[Event "Landsturneringen 2007"]
[Site "Hamar"]
[Date "2007.07.07"]
[Round "4"]
[White "Stokke, Kjetil"]
[Black "Hammer, Jon Ludvig"]
[Result "1/2-1/2"]
[WhiteElo "2353"]
[BlackElo "2412"]

1. c4 Nf6 2. Nc3 e5 3. Nf3 Nc6 4. e3 g6 5. d4 d6 6. b3 Bg7 7. dxe5 Nxe5 8. Nxe5
Ng4 9. Nxg4 Bxc3+ 10. Bd2 Bxg4 11. f3 Bxd2+ 12. Qxd2 Qh4+ 13. Qf2 Qxf2+ 14.
Kxf2 Be6 15. Bd3 a5 16. a3 Ke7 17. g4 h6 18. h4 Ra6 19. Rac1 Rb6 20. Rc3 c5 21.
a4 Rd8 22. e4 g5 23. Ke3 Rg8 24. Be2 Rc6 25. h5 1/2-1/2

[Event "Landsturneringen 2007"]
[Site "Hamar"]
[Date "2007.07.07"]
[Round "4"]
[White "Forså, Espen"]
[Black "Elsness, Frode"]
[Result "1/2-1/2"]
[WhiteElo "2264"]
[BlackElo "2442"]

1. Nf3 Nf6 2. c4 g6 3. Nc3 d5 4. Qa4+ Bd7 5. Qb3 dxc4 6. Qxc4 a6 7. d4 b5 8.
Qd3 Bg7 9. a3 Nc6 10. e4 b4 11. axb4 Nxb4 12. Qd1 c5 13. Be2 cxd4 14. Nxd4 Nxe4
15. Nxe4 Bxd4 16. O-O Bc6 17. Bf3 Qb6 18. Bh6 Rd8 19. Qb3 Bd5 20. Qa4+ Qb5 21.
Nc3 Qxa4 22. Rxa4 Bxf3 23. Rxb4 Bc6 24. Rxd4 Rxd4 25. Bg7 Rb4 26. Bxh8 f6 27.
Bg7 Kf7 28. Bh6 g5 29. f4 Rxb2 30. Rf2 Rxf2 1/2-1/2

[Event "Landsturneringen 2007"]
[Site "Hamar"]
[Date "2007.07.07"]
[Round "5"]
[White "Lie, Espen"]
[Black "Hole, Øystein"]
[Result "1-0"]
[WhiteElo "2404"]
[BlackElo "2400"]

1. e4 c6 2. d4 d5 3. e5 c5 4. dxc5 e6 5. Be3 Nh6 6. c3 Bd7 7. Nf3 Nc6 8. Bd3
Qc7 9. Bd4 Be7 10. O-O O-O 11. Qc2 g6 12. Re1 Rfc8 13. Qd2 Kg7 14. Na3 Nd8 15.
b4 b6 16. cxb6 axb6 17. Nb5 Bxb5 18. Bxb5 Ra3 19. Qb2 Rca8 20. Nd2 Nf5 21. Nb1
R3a7 22. Bd3 Nxd4 23. cxd4 Nc6 24. Nc3 Nxb4 25. Bf1 Qb7 26. a3 Nc6 27. Nb5 Ra4
28. Rec1 Bg5 29. Nd6 Bxc1 30. Rxc1 Qa7 31. Rxc6 Rxa3 32. Nb5 Ra2 33. Qc1 Qa4
34. Qf4 Ra1 35. Rc1 Rxc1 36. Qxc1 Qa1 37. Qf4 Rf8 38. Nd6 Qa8 39. Qf6+ Kg8 40.
Bb5 Qa1+ 41. Bf1 Qxd4 42. g3 Qa1 43. Kg2 Qa8 44. Bb5 Qd8 45. Be8 Qxf6 46. exf6
e5 47. Kf3 b5 48. Ke3 b4 49. Kd3 g5 50. g4 h6 51. h3 Kh7 52. Bxf7 Rb8 53. Bxd5
Rd8 54. f7 Kg7 55. Nf5+ Kf8 56. Ne3 Rc8 57. Nc4 Rd8 58. Ne3 Rc8 59. Nc4 Rd8 60.
Ke4 b3 61. Kxe5 Ke7 62. Kd4 Rc8 63. f3 Kf8 64. Ke5 Ke7 65. Kd4 Kf8 66. Be6 Rd8+
67. Ke5 Ke7 68. Kf5 Rd4 69. Kg6 Rd8 70. Bf5 Kf8 71. Kf6 b2 72. Nxb2 Rd6+ 73.
Be6 Rd4 74. Nc4 1-0

[Event "Landsturneringen 2007"]
[Site "Hamar"]
[Date "2007.07.07"]
[Round "5"]
[White "Tallaksen, Geir Sune"]
[Black "Dannevig, Øystein"]
[Result "1-0"]
[WhiteElo "2407"]
[BlackElo "2331"]

1. d4 Nf6 2. c4 e6 3. Nf3 Bb4+ 4. Nbd2 O-O 5. a3 Be7 6. e4 d5 7. e5 Nfd7 8.
cxd5 exd5 9. Bd3 c5 10. O-O Nc6 11. Re1 Re8 12. Nf1 cxd4 13. b4 a6 14. Ra2 Nb6
15. h3 Nc4 16. Rae2 Bf8 17. e6 Bxe6 18. Bxh7+ Kxh7 19. Ng5+ Kg6 20. Ng3 Ne3 21.
Rxe3 dxe3 22. Qh5+ Kf6 23. Bxe3 g6 24. Qh7 Qc8 25. Bf4 Nd8 26. Qh4 Kg7 27. Be5+
f6 28. Qh7# 1-0

[Event "Landsturneringen 2007"]
[Site "Hamar"]
[Date "2007.07.07"]
[Round "5"]
[White "Ådnøy, Hallvard V"]
[Black "Lie, Kjetil A"]
[Result "1/2-1/2"]
[WhiteElo "2289"]
[BlackElo "2536"]

1. e4 c5 2. Nf3 g6 3. c3 Bg7 4. d4 cxd4 5. cxd4 d5 6. exd5 Nf6 7. Nc3 Nxd5 8.
Bc4 Nb6 9. Bb3 O-O 10. h3 Nc6 11. Be3 Na5 12. Bc2 Nac4 13. Bc1 Be6 14. O-O Rc8
15. Qe2 Nd5 16. Re1 Nxc3 17. bxc3 Qa5 18. Bg5 Bd5 19. Be4 Rfe8 20. Rac1 Rc6 21.
Qd3 e6 22. Rc2 Rec8 23. Bxd5 Qxd5 24. Rce2 Nd6 25. Bd2 Qxa2 26. Ne5 R6c7 27.
Ng4 Qc4 28. Qf3 Nf5 29. d5 h5 30. dxe6 hxg4 31. hxg4 Nd6 32. Bf4 Qc6 33. Qg3
Ne8 34. Bxc7 Qxc7 35. exf7+ Qxf7 36. Re7 Qf8 37. Qd3 Kh7 38. Qh3+ Kg8 39. g5
Nc7 40. Qd3 Qf5 41. Qc4+ Qd5 42. Qg4 Qf5 43. Qc4+ Qd5 44. Qf4 Qf5 45. Qh4 Qd5
1/2-1/2

[Event "Landsturneringen 2007"]
[Site "Hamar"]
[Date "2007.07.07"]
[Round "5"]
[White "Djurhuus, Rune"]
[Black "Urkedal, Frode Olav Olsen"]
[Result "1-0"]
[WhiteElo "2455"]
[BlackElo "2235"]

1. e4 c5 2. Nf3 d6 3. d4 cxd4 4. Nxd4 Nf6 5. Nc3 a6 6. a4 Nc6 7. Be2 e6 8. O-O
Be7 9. Be3 Qc7 10. f4 O-O 11. Kh1 Bd7 12. Nb3 b6 13. g4 Bc8 14. g5 Nd7 15. Rf3
Re8 16. Rh3 Bf8 17. Qe1 g6 18. Qh4 h6 19. f5 exf5 20. gxh6 Kh7 21. Nd5 Qb7 22.
Bf3 Ne7 23. Nc3 Ne5 24. Bg2 f4 25. Bxf4 Bxh3 26. Bxh3 Ng8 27. Rf1 Ra7 28. Nd4
Be7 29. Qg3 Nf6 30. Qg2 Rg8 31. Bxe5 dxe5 32. Nf3 Kxh6 33. Nxe5 Kg7 34. Be6 Qb8
35. Bxf7 Qxe5 36. Qxg6+ Kh8 37. Bxg8 Bd8 38. Bf7 Qe7 39. Rxf6 1-0

[Event "Landsturneringen 2007"]
[Site "Hamar"]
[Date "2007.07.07"]
[Round "5"]
[White "Østenstad, Berge"]
[Black "Gausel, Einar J"]
[Result "1-0"]
[WhiteElo "2491"]
[BlackElo "2519"]

1. c4 g6 2. d4 Bg7 3. e4 d6 4. Nc3 c5 5. d5 e6 6. Bd3 Nf6 7. h3 O-O 8. Nf3 Na6
9. O-O Nc7 10. Re1 h6 11. Rb1 Re8 12. a3 b6 13. Bf4 Nh5 14. Bd2 e5 15. Bc2 Nf4
16. Ba4 Bd7 17. Bxd7 Qxd7 18. b4 Rab8 19. bxc5 bxc5 20. Qc2 Na8 21. Rxb8 Rxb8
22. Rb1 Rxb1+ 23. Qxb1 Nb6 24. Qb3 f5 25. Bxf4 exf4 26. exf5 Bxc3 27. Qxc3 Qxf5
28. Nd2 Nd7 29. Qa5 Ne5 30. Qxa7 f3 31. Qb8+ Kg7 32. Qxd6 fxg2 33. Qe7+ Kh8 34.
Kxg2 Nd3 35. Qe8+ Kg7 36. Qe7+ Kh8 37. Qe3 Nf4+ 38. Kh2 g5 39. Ne4 h5 40. Nd6
1-0

[Event "Landsturneringen 2007"]
[Site "Hamar"]
[Date "2007.07.07"]
[Round "5"]
[White "Elsness, Frode"]
[Black "Sahl, Bjarke"]
[Result "1/2-1/2"]
[WhiteElo "2442"]
[BlackElo "2379"]

1. d4 d5 2. c4 c6 3. Nf3 Nf6 4. Nc3 dxc4 5. a4 Bf5 6. e3 e6 7. Bxc4 Bb4 8. O-O
O-O 9. Nh4 Bg4 10. f3 Bh5 11. g4 Bg6 12. Nxg6 hxg6 13. e4 Nbd7 14. Be3 Qe7 15.
Qe2 e5 16. dxe5 Nxe5 17. Ba2 Bc5 18. g5 Nd5 19. Nxd5 cxd5 20. Bxc5 Qxc5+ 21.
Kh1 dxe4 22. Qxe4 Rad8 23. Rae1 Nd3 24. Re2 Rd4 25. Qe3 Nf4 26. Rd2 Rfd8 27.
Rxd4 Qxd4 28. Qxd4 Rxd4 29. Rc1 Rxa4 30. Bb3 Rb4 31. Rc8+ Kh7 32. Bxf7 Rxb2 33.
Bg8+ Kh8 34. Bf7+ Kh7 35. h4 Nh5 36. Bg8+ Kh8 37. Bf7+ Kh7 38. Rf8 Rb4 39. Kg2
Rxh4 40. Bg8+ Kh8 41. Be6+ Kh7 42. Bg4 a5 43. Rb8 Rxg4+ 44. fxg4 Nf4+ 45. Kg3
Ne6 46. Kh4 Nd4 47. Rxb7 Nf3+ 48. Kg3 Nxg5 49. Rb5 Kh6 50. Rxa5 Ne6 51. Kh4 g5+
52. Kg3 Nd8 53. Kf3 Nf7 54. Ke4 Nd6+ 55. Kd5 Nf7 56. Ke6 Kg6 57. Ra6 Nh6 58.
Ke7+ Kh7 59. Ra4 Kg6 60. Kf8 Kf6 61. Re4 Kg6 62. Ra4 Kf6 63. Ra6+ Ke5 64. Kxg7
Nxg4 65. Kg6 Ne3 66. Kxg5 Nd5 67. Ra1 Ke4 68. Ra8 Ke5 69. Re8+ Kd4 70. Kf5 Ne3+
71. Kf4 Nd5+ 72. Kf3 Nf6 73. Kf4 Nxe8 1/2-1/2

[Event "Landsturneringen 2007"]
[Site "Hamar"]
[Date "2007.07.07"]
[Round "5"]
[White "Hammer, Jon Ludvig"]
[Black "Fyllingen, Roy H"]
[Result "1/2-1/2"]
[WhiteElo "2412"]
[BlackElo "2407"]

1. e4 e5 2. Nf3 Nc6 3. Bb5 a6 4. Ba4 d6 5. O-O Bg4 6. h3 Bh5 7. c4 Nf6 8. d4
Bxf3 9. Qxf3 b5 10. cxb5 Nxd4 11. bxa6+ c6 12. Qd1 Qb6 13. Nc3 Be7 14. Nd5 Nxd5
15. exd5 O-O 16. b3 Qxa6 17. Bb2 c5 18. Bxd4 cxd4 19. Bc6 Rab8 20. a4 Bd8 21.
Rb1 Rb4 22. Bb5 Qa8 23. Bc4 f5 24. Kh1 Qa7 25. f3 g6 26. Ra1 Ba5 27. Qd3 Kg7
28. Rac1 Bb6 29. Rc2 Bc5 30. Ra1 Qa5 31. Kh2 Rf7 32. Bb5 Rb7 33. Bc4 Re7 34.
Re2 Rb8 35. Bb5 Reb7 36. Bc4 Re7 37. Bb5 Bb4 38. Rg1 Rc7 39. Rc2 Bc3 40. g4 f4
41. Rb1 Rc5 42. b4 Bxb4 43. Rxc5 Bxc5 44. h4 Rb7 45. Qd1 Qd8 46. Kh3 Ra7 47.
Qd3 Re7 48. Qe4 Rb7 49. Bc4 Ra7 50. Qe2 d3 51. Bxd3 Qa8 52. Bc2 Qxd5 53. Rb8
Qd4 54. Bb3 Qg1 55. Rg8+ Kf6 56. g5+ Ke7 57. Rg7+ Kf8 58. Rg8+ Ke7 59. Rg7+ Kf8
1/2-1/2

[Event "Landsturneringen 2007"]
[Site "Hamar"]
[Date "2007.07.07"]
[Round "5"]
[White "Ekeberg, Carl Fr"]
[Black "Forså, Espen"]
[Result "1/2-1/2"]
[WhiteElo "2331"]
[BlackElo "2264"]

1. Nf3 d5 2. d4 Nf6 3. c4 e6 4. g3 dxc4 5. Qa4+ Nc6 6. Bg2 Bb4+ 7. Bd2 Nd5 8.
Bxb4 Ndxb4 9. O-O Rb8 10. Na3 Bd7 11. Qb5 O-O 12. Qxc4 Qe7 13. Nc2 Nxc2 14.
Qxc2 Rfc8 15. Rfc1 e5 16. d5 Nd8 17. Qc5 Qxc5 18. Rxc5 f6 19. Rac1 1/2-1/2

[Event "Landsturneringen 2007"]
[Site "Hamar"]
[Date "2007.07.07"]
[Round "5"]
[White "Aulin-Jansson, Jøran"]
[Black "Stokke, Kjetil"]
[Result "0-1"]
[WhiteElo "2297"]
[BlackElo "2353"]

1. Nf3 c5 2. c4 g6 3. d4 cxd4 4. Nxd4 Nc6 5. Nc2 Bg7 6. e4 d6 7. Be2 Nf6 8. Nc3
Nd7 9. Qd2 Nc5 10. O-O O-O 11. f3 a5 12. b3 f5 13. Bb2 fxe4 14. fxe4 Be5 15.
Bf3 e6 16. Ne3 Qg5 17. Rf2 Nd4 18. Nf1 Qxd2 19. Rxd2 Rxf3 20. Nb5 Nxb5 21. gxf3
Bxb2 22. Rxb2 Nd4 23. Kg2 e5 24. Rd1 Bd7 25. Ne3 Rf8 26. Rf2 Bc6 27. Nd5 Bxd5
28. cxd5 b5 29. Kg3 Kg7 30. Rc1 Rxf3+ 31. Rxf3 Ne2+ 32. Kg2 Nxc1 33. Rf2 N1d3
34. Rd2 g5 35. Kf3 b4 36. Ke3 h5 37. a3 bxa3 38. Ra2 Nc1 0-1

[Event "Landsturneringen 2007"]
[Site "Hamar"]
[Date "2007.07.07"]
[Round "6"]
[White "Tallaksen, Geir Sune"]
[Black "Lie, Espen"]
[Result "1/2-1/2"]
[WhiteElo "2407"]
[BlackElo "2404"]

1. d4 Nf6 2. c4 c5 3. d5 e6 4. Nc3 exd5 5. cxd5 d6 6. Nf3 g6 7. h3 Bg7 8. e4 a6
9. a4 Nbd7 10. Bd3 Nh5 11. Bg5 Bf6 12. Be3 Ne5 13. Be2 Nxf3+ 14. Bxf3 Ng7 15.
Bg4 O-O 16. O-O Re8 17. Bxc8 Rxc8 18. Qc2 Qe7 19. Bf4 Bxc3 20. bxc3 Qxe4 21.
Qxe4 Rxe4 22. Bxd6 Rd8 23. Bxc5 Rxd5 24. Bb6 Ne6 25. a5 Nf4 26. Kh2 Ne2 27. f3
Rc4 28. Rae1 Nxc3 29. Re7 Na4 30. Rxb7 Nxb6 31. axb6 Rb5 32. Ra1 a5 33. Rc7
Rxc7 34. bxc7 Rc5 35. Rxa5 Rxc7 1/2-1/2

[Event "Landsturneringen 2007"]
[Site "Hamar"]
[Date "2007.07.07"]
[Round "6"]
[White "Lie, Kjetil A"]
[Black "Djurhuus, Rune"]
[Result "1-0"]
[WhiteElo "2536"]
[BlackElo "2455"]

1. e4 c5 2. Nf3 d6 3. d4 cxd4 4. Nxd4 Nf6 5. Nc3 Nc6 6. Bg5 e6 7. Qd2 a6 8.
O-O-O Bd7 9. f4 b5 10. Nxc6 Bxc6 11. Bd3 Qb6 12. Rhe1 Be7 13. e5 b4 14. exf6
gxf6 15. Bh4 bxc3 16. Qxc3 Rg8 17. g3 Rc8 18. Bxf6 Bb7 19. Bd4 Rxc3 20. Bxb6
Rc8 21. Be4 Bxe4 22. Rxe4 h5 23. Ra4 Rc6 24. Bf2 Kd7 25. Rd3 Rgc8 26. c3 d5 27.
f5 Kd6 28. fxe6 fxe6 29. Kd1 Rb8 30. b3 e5 31. g4 Ke6 32. gxh5 Rbc8 33. Be1 e4
34. Rg3 Bf6 35. Rg6 Kf5 36. Ra5 Rc5 37. Rxc5 Rxc5 38. Rg3 Be5 39. Rh3 d4 40.
cxd4 Bxd4 41. h6 Kg4 42. Rh4+ Kf3 43. h7 Rc8 44. Bd2 Be5 45. Rh5 1-0

[Event "Landsturneringen 2007"]
[Site "Hamar"]
[Date "2007.07.07"]
[Round "6"]
[White "Hole, Øystein"]
[Black "Ekeberg, Carl Fr"]
[Result "1/2-1/2"]
[WhiteElo "2400"]
[BlackElo "2331"]

1. Nf3 Nf6 2. c4 g6 3. Nc3 d5 4. Qa4+ Bd7 5. Qb3 dxc4 6. Qxc4 Bg7 7. e4 O-O 8.
e5 Ne8 9. d4 c6 10. Be3 Nc7 11. Be2 Be6 12. Qd3 Nd5 13. O-O Nxc3 14. bxc3 c5
15. Rfd1 cxd4 16. cxd4 Bd5 17. Nd2 Nc6 18. Ne4 Rc8 19. Nc3 Nb4 20. Qd2 Bc4 21.
Rab1 Nd5 22. Bxc4 Rxc4 23. Rdc1 b6 24. Nxd5 Qxd5 25. Rxc4 Qxc4 26. Rc1 Qb5 27.
h3 Rd8 28. Qc2 h6 29. e6 Qd5 30. Qc7 Kf8 31. Qxa7 Qxe6 32. Rc7 Bxd4 33. Bxh6+
Kg8 34. Rxe7 Qf6 35. Be3 Bxe3 36. Rxe3 Rd1+ 37. Kh2 Qf4+ 38. Rg3 Qxf2 39. Qb8+
Kh7 40. Rf3 Qg1+ 41. Kg3 Qe1+ 42. Kh2 Qg1+ 43. Kg3 Qe1+ 44. Kh2 1/2-1/2

[Event "Landsturneringen 2007"]
[Site "Hamar"]
[Date "2007.07.07"]
[Round "6"]
[White "Østenstad, Berge"]
[Black "Ådnøy, Hallvard V"]
[Result "0-1"]
[WhiteElo "2491"]
[BlackElo "2289"]

1. c4 e5 2. g3 Nc6 3. Bg2 g6 4. Nc3 Bg7 5. e4 d6 6. Nge2 h5 7. h4 Bg4 8. f3 Be6
9. d3 Qd7 10. Nd5 Nd4 11. Nxd4 exd4 12. O-O Qd8 13. b4 c6 14. Nf4 Bd7 15. Rb1
Ne7 16. Ne2 O-O 17. Bg5 Re8 18. Qc2 Qc7 19. c5 d5 20. Bf4 Qc8 21. Bc1 Bh3 22.
Kh2 Bxg2 23. Kxg2 Qe6 24. Bb2 dxe4 25. fxe4 Rad8 26. Nf4 Qg4 27. Qc4 Nf5 28.
exf5 Re3 29. Kh1 Rxg3 30. Qc2 Be5 31. Ng2 Rh3+ 32. Kg1 Qg3 0-1

[Event "Landsturneringen 2007"]
[Site "Hamar"]
[Date "2007.07.07"]
[Round "6"]
[White "Forså, Espen"]
[Black "Hansen, Torbjørn R"]
[Result "1/2-1/2"]
[WhiteElo "2264"]
[BlackElo "2336"]

1. Nf3 Nf6 2. c4 e6 3. g3 b6 4. Bg2 Bb7 5. O-O c5 6. Nc3 Be7 7. d4 cxd4 8. Qxd4
d6 9. b3 O-O 10. Ba3 Na6 11. Rad1 Nc5 12. Nb5 Ne8 13. Bxc5 bxc5 14. Qd3 Qb6 15.
e4 Rd8 16. Qe3 Nf6 17. Nc3 h6 18. Nd2 Ng4 19. Qe2 Qa5 20. Qxg4 Qxc3 21. f4 Bf6
22. e5 dxe5 23. Bxb7 Rxd2 24. Rxd2 Qxd2 25. f5 Qd4+ 26. Qxd4 exd4 27. fxe6 fxe6
28. Be4 Rd8 29. Rf3 Kf7 30. Kf1 Ke7 31. Ke2 Rd6 32. Kd3 Ra6 33. a4 Rb6 34. Kc2
Kd6 35. Bd3 Rb8 36. Rf2 Rh8 37. Kd2 h5 38. h3 Rh6 39. Ke2 Ke7 40. Kf3 Be5 41.
Kg2 Rf6 42. Rxf6 gxf6 43. g4 Kf7 44. Kf3 Kg7 45. Be4 Bc7 46. Bc6 f5 47. gxf5
exf5 48. Kf2 Kf6 49. Bf3 Kg5 50. Be2 Kf4 51. Bd3 Bd8 52. Ke2 Bh4 53. Bc2 Bg3
54. Bd3 h4 55. Bc2 Ke5 56. Bd3 f4 57. Kf3 Kd6 58. Ke4 Kc6 59. Be2 Kb6 60. Kd5
Be1 61. Bf3 Bb4 62. Ke4 Bd2 63. Kd5 Be3 64. Ke4 Ka5 65. Kd3 Kb4 66. Bd1 Ka3 67.
Kc2 a5 68. Be2 Ka2 69. Bd1 d3+ 70. Kxd3 Kb2 71. Bf3 Kxb3 72. Bc6 Bc1 73. Bb5 f3
74. Bc6 f2 75. Ke2 Kxc4 76. Kxf2 Kc3 77. Ke2 c4 78. Kd1 Bg5 79. Be4 Kb2 80. Bc2
c3 81. Bh7 Kb3 82. Bc2+ Kc4 1/2-1/2

[Event "Landsturneringen 2007"]
[Site "Hamar"]
[Date "2007.07.07"]
[Round "6"]
[White "Stokke, Kjetil"]
[Black "Urkedal, Frode Olav Olsen"]
[Result "1-0"]
[WhiteElo "2353"]
[BlackElo "2235"]

1. c4 c5 2. g3 Nf6 3. Bg2 Nc6 4. Nc3 g6 5. e4 Bg7 6. Nge2 O-O 7. O-O Ne8 8. Rb1
Nc7 9. a3 a5 10. d3 d6 11. Be3 Nd4 12. b3 Bg4 13. f3 Bd7 14. a4 e6 15. f4 Bc6
16. Nb5 Nxe2+ 17. Qxe2 b6 18. Rbd1 Qe7 19. Nxc7 Qxc7 20. d4 cxd4 21. Bxd4 e5
22. Bb2 exf4 23. Bxg7 Kxg7 24. Rxf4 Rae8 25. Qd3 Rd8 26. Qd4+ Kg8 27. Rf6 Qb7
28. Rdf1 Qc7 29. h4 Ba8 30. Rd1 d5 31. exd5 Qxg3 32. Rd3 Qe1+ 33. Kh2 Qe7 34.
Re3 Qc7+ 35. Qe5 Qc5 36. Ref3 Rde8 37. Qd6 Qd4 38. R6f4 Re4 39. Qf6 Qxf6 40.
Rxf6 Rxh4+ 41. Kg3 Rd4 42. Bh3 Bb7 43. Be6 Bc8 44. Bxc8 Rxc8 45. Rxf7 Rb8 46.
Kf2 Rd3 47. R7f6 Rxf3+ 48. Kxf3 Rf8 49. Rxf8+ Kxf8 50. b4 axb4 51. Ke2 b3 52.
Kd2 Ke7 53. c5 h5 54. cxb6 Kd7 55. a5 b2 56. Kc2 h4 57. b7 Kc7 58. d6+ Kxb7 59.
a6+ Kxa6 60. d7 1-0

[Event "Landsturneringen 2007"]
[Site "Hamar"]
[Date "2007.07.07"]
[Round "7"]
[White "Grønn, Atle"]
[Black "Tallaksen, Geir Sune"]
[Result "0-1"]
[WhiteElo "2422"]
[BlackElo "2407"]

1. d4 Nf6 2. c4 e6 3. Nc3 Bb4 4. g3 d5 5. Bg2 O-O 6. a3 Be7 7. Nf3 dxc4 8. Ne5
Nc6 9. Bxc6 bxc6 10. Nxc6 Qe8 11. Nxe7+ Qxe7 12. Qa4 a5 13. Qxc4 Ba6 14. Qc6
Nd5 15. Ne4 Rfb8 16. f3 f5 17. Nc3 Nxc3 18. Qxc3 a4 19. Bf4 Rb3 20. Qc2 Rc8 21.
O-O c5 22. Rac1 Qb7 {Diagram #} 23. dxc5 Rxb2 24. Qc3 Rxe2 25. c6 Qb6+ 26. Qc5
Rxc6 27. Qxb6 Rxb6 28. Rf2 Rb3 29. Rxe2 Bxe2 30. Rc7 Bxf3 31. Be5 g6 32. Rg7+
Kf8 33. Rxh7 Rxa3 34. Bd6+ Kg8 35. Bxa3 Kxh7 36. Kf2 Bb7 37. h4 Kh6 38. Ke3 Kh5
39. Bd6 Kg4 40. Kf2 Bc6 41. Ke3 a3 42. Be5 a2 43. Kf2 Bb7 44. Ba1 f4 45. gxf4
Kxf4 46. Ke2 e5 47. Kd2 e4 48. Bd4 e3+ {Diagram #} 0-1

[Event "Landsturneringen 2007"]
[Site "Hamar"]
[Date "2007.07.07"]
[Round "7"]
[White "Dannevig, Øystein"]
[Black "Lie, Kjetil A"]
[Result "1/2-1/2"]
[WhiteElo "2331"]
[BlackElo "2536"]

1. e4 e5 2. Nf3 Nc6 3. Bb5 a6 4. Ba4 Nf6 5. O-O b5 6. Bb3 Bc5 7. a4 Rb8 8. c3
d6 9. d4 Bb6 10. Na3 O-O 11. axb5 axb5 12. Nxb5 exd4 13. cxd4 Bg4 14. Bg5 Bxf3
15. gxf3 Bxd4 16. Nxd4 Nxd4 17. Qxd4 Rxb3 18. Bxf6 Qxf6 19. Qxf6 gxf6 20. Rfc1
Rb7 21. Ra6 Re8 22. Kg2 Kf8 23. Rc4 Ke7 24. b4 Rg8+ 25. Kf1 Kd7 26. Ra5 Rg5 27.
Ra8 f5 28. Rf8 Ke6 29. Re8+ Kf6 30. f4 Rg4 31. e5+ dxe5 32. fxe5+ Kg7 33. Rxg4+
fxg4 34. e6 f5 35. Kg2 Rxb4 36. Re7+ Kg6 37. Rxc7 Re4 38. e7 h5 39. f3 Re2+ 40.
Kg3 Kg5 41. h4+ Kf6 42. Kf4 gxf3 43. Kxf3 Rxe7 44. Rc4 Re1 45. Ra4 Rf1+ 46. Kg2
Rd1 47. Kf3 Ke5 48. Ra5+ Rd5 49. Ra3 Rb5 50. Re3+ Kf6 51. Ra3 Rb6 52. Ra4 Ke5
53. Ra5+ Ke6 54. Ra4 Ke5 {Diagram #} 1/2-1/2